| 000 | 00527 a2200181 4500 | ||
|---|---|---|---|
| 020 | _a0805331409 | ||
| 082 | _a005.133 | ||
| 090 |
_c2009 _d2009 |
||
| 100 | 1 | 0 | _aKelley, Al. |
| 245 | 1 | 0 |
_aC by dissection _b: the essentials of C programming _c/ Al Kelley & Ira Pohl. |
| 250 | _a2nd ed. | ||
| 260 | 0 |
_aRedwood City, Calif. _b: Benjamin/Cummings Pub. Co. _c, c1992. |
|
| 300 |
_axvi, 639 p. _c; 24 cm. |
||
| 500 | _aIncludes index. | ||
| 650 | 0 | _aC (Computer program language) | |
| 700 | 1 | 0 | _aPohl, Ira. |
| 942 |
_cBK _k005.133 KEL |
||
| 999 |
_c5947 _d5947 |
||